| 000 | 007530000a22002650004500 | ||
|---|---|---|---|
| 505 | _av.1 states of matter and Ions in solution, v.2 Thermodynamics and chemical equilbruim, v.3 applications of thermodyamics, v.4 Quantum chemistry and dynamics of chemical reactions | ||
| 650 | _aPhysical chemistry | ||
| 650 | _aMolecular force | ||
| 650 | _aHeat | ||
| 650 | _aEnergy | ||
| 650 | _aWater | ||
| 650 | _aLiquids | ||
| 082 |
_a541.3 _bK141t |
||
| 518 | _a20050925 | ||
| 530 | _aM | ||
| 100 | _aKapoor, K. L. | ||
| 245 | _aA textbook of physical chemistry | ||
| 250 | _a2nd edn. | ||
| 020 | _a0333-90337-4 | ||
| 260 |
_aDelhi _bMacmillan India, India |
||
| 260 | _c1987 | ||
| 300 |
_axi, 428p. _billus. |
||
| 041 | _aEng | ||
| 942 | _cGEN | ||
| 999 |
_c34829 _d34829 |
||